Concise catalog of deep-sky objects (Record no. 18965)

MARC details
000 -LEADER
fixed length control field 00709nam a2200217Ia 4500
003 - CONTROL NUMBER IDENTIFIER
control field IN-BaIIA
008 - FIXED-LENGTH DATA ELEMENTS--GENERAL INFORMATION
fixed length control field 211028s9999 xx 000 0 eng d
020 ## - INTERNATIONAL STANDARD BOOK NUMBER
International Standard Book Number 978-3-319-03169-9
040 ## - CATALOGING SOURCE
Transcribing agency IIA Library
080 ## - UNIVERSAL DECIMAL CLASSIFICATION NUMBER
Universal Decimal Classification number 524.4
Item number FIN
100 ## - MAIN ENTRY--PERSONAL NAME
Personal name Finlay, Warren H
9 (RLIN) 36208
245 #0 - TITLE STATEMENT
Title Concise catalog of deep-sky objects
Remainder of title astrophysical information for 550 galaxies, clusters and nebulae
Statement of responsibility, etc. Warren H Finlay
250 ## - EDITION STATEMENT
Edition statement 2nd ed.
260 ## - PUBLICATION, DISTRIBUTION, ETC.
Place of publication, distribution, etc. Switzerland
Name of publisher, distributor, etc. Springer
Date of publication, distribution, etc. 2014
300 ## - PHYSICAL DESCRIPTION
Extent xi, 441p.
490 ## - SERIES STATEMENT
Series statement The Patrick Moore Practical Astronomy Series
650 ## - SUBJECT ADDED ENTRY--TOPICAL TERM
Topical term or geographic name entry element Astronomy, observations and techniques
9 (RLIN) 32107
650 ## - SUBJECT ADDED ENTRY--TOPICAL TERM
Topical term or geographic name entry element Physics
9 (RLIN) 73
650 ## - SUBJECT ADDED ENTRY--TOPICAL TERM
Topical term or geographic name entry element Popular science in astronomy
9 (RLIN) 35908
942 ## - ADDED ENTRY ELEMENTS (KOHA)
Koha item type Books
Holdings
Withdrawn status Lost status Damaged status Not for loan Home library Current library Shelving location Date acquired Source of acquisition Total Checkouts Full call number Barcode Date last seen Price effective from Koha item type
        IIA Library-Bangalore IIA Library-Bangalore General Stacks 27/02/2015 BBI   524.4/ FIN 19887 05/11/2021 27/02/2015 Books

Powered by Koha